书目信息 |
| 题名: |
食宿趣话
|
|
| 作者: | 薛理勇 著 | |
| 分册: | ||
| 出版信息: | 上海 上海科学技术文献出版社 2003.01 |
|
| 页数: | 333页 | |
| 开本: | 20cm | |
| 丛书名: | ||
| 单 册: | ||
| 中图分类: | K892.25 | |
| 科图分类: | ||
| 主题词: | 风俗习惯 | |
| 电子资源: | ||
| ISBN: | 7-5439-2070-0 | |
| 000 | 00534nam0 2200193 45 | |
| 001 | 0455543877 | |
| 005 | 2004060915254362 | |
| 010 | @a7-5439-2070-0@dCNY 18.00 | |
| 100 | @a20040609d2003 km y0chiy0120 ea | |
| 101 | 0 | @achi |
| 102 | @aCN@b310000 | |
| 200 | 1 | @a食宿趣话@AShi Su Qu Hua@f薛理勇著@FXue Li Yong Zhu |
| 210 | @a上海@c上海科学技术文献出版社@d2003.01 | |
| 215 | @a333页@d20cm | |
| 606 | 0 | @a风俗习惯 |
| 690 | @aK892.25@v3 | |
| 701 | 0 | @a薛理勇@AXue Li Yong@4著 |
| 801 | 0 | @aCN@bPFT@c20040609 |
| 905 | @a安徽大学@dK892.25@eX954 | |
| 食宿趣话/薛理勇著.-上海:上海科学技术文献出版社,2003.01 |
| 333页;20cm |
| ISBN 7-5439-2070-0:CNY 18.00 |
| ● |
| 相关链接 |
|
|
|
正题名:食宿趣话
索取号:K892.25/X954
 
预约/预借
| 序号 | 登录号 | 条形码 | 馆藏地/架位号 | 状态 | 备注 |
| 1 | 379552 | 203795526 | 社科库309/504自科库 13排1列4层/ [索取号:K892.25/X954] | 在馆 | |
| 2 | 379553 | 203795535 | 社科库309/ [索取号:K892.25/X954] | 在馆 |